Dallas Cowboys: 2025-26 Full Roster - Statistics

General Stats
  • This quiz has been taken 40 times
  • The average score is 26 of 53
Answer Stats
Hint Answer % Correct
QB Dak Prescott
100%
WR CeeDee Lamb
97%
WR George Pickens
97%
RB Javonte Williams
97%
WR/KOR/PR Kavontae Turpin
91%
DT Quinnen Williams
91%
TE Jake Ferguson
85%
QB Joe Milton III
85%
DE Sam Williams
85%
LT Tyler Smith
82%
RB Jaydon Blue
76%
WR Jalen Tolbert
74%
WR Ryan Flournoy
74%
RG Tyler Booker
74%
TE Luke Schoonmaker
68%
K Brandon Aubrey
65%
C Cooper Beebe
65%
S Donovan Wilson
62%
LB Logan Wilson
62%
DT Kenny Clark
59%
S Alijah Clark
56%
P/H Bryan Anger
53%
FB Hunter Luepke
53%
RB Malik Davis
53%
S Malik Hooker
50%
TE Brevyn Spann-Ford
47%
LB Demarvion Overshown
47%
RT Terence Steele
47%
C Brock Hoffman
44%
WR Jonathan Mingo
44%
DE Jadeveon Clowney
41%
LB Kenneth Murray Jr.
41%
DT Osa Odighizuwa
38%
CB Shavon Revel Jr.
35%
DE (Honorary Roster Spot) Marshawn Kneeland
32%
LT Nate Thomas
32%
DT Solomon Thomas
32%
DE Dante Fowler Jr.
29%
CB Caelen Carson
26%
LS Trent Sieg
26%
DE James Houston
24%
S Markquese Bell
24%
LB Shemar James
24%
DT Jay Toia
21%
NCB Reddy Steward
21%
LG T.J. Bass
21%
LB Marist Liufau
18%
DT Perrion Winfrey
12%
CB C.J. Goodwin
9%
CB Trikweze Bridges
9%
NCB Corey Ballentine
6%
DE Donovan Ezeirauku
6%
RT Hakeem Adenji
0%
No matching quizzes found
Score Distribution
Percent of People with Each Score
Percentile by Number Answered
Your Score History
You have not taken this quiz